[Event "Schachbundesliga 2013/2014"]
[Site "?"]
[Date "2014.04.05"]
[Round "14.4"]
[White "Postny, Evgeny"]
[Black "Naiditsch, Arkadij"]
[Result "1/2-1/2"]
[WhiteElo "2631"]
[BlackElo "2724"]
[PlyCount "92"]
[EventDate "2014.??.??"]
[WhiteClock "0:45:13"]
[BlackClock "0:46:10"]

1. d4 Nf6 2. c4 e5 3. dxe5 Ng4 4. Nf3 Bc5 5. e3 Nc6 6. Be2 O-O 7. O-O Ngxe5 8.
Nxe5 Nxe5 9. Nc3 a5 10. Na4 Ba7 11. b3 d6 12. Bb2 Bd7 13. Nc3 Re8 14. Kh1 Re6
15. f4 Nc6 16. Nd5 Ne7 17. f5 Re4 18. Qd3 Nxd5 19. Qxe4 Nxe3 20. Rf3 Bc6 21.
Qf4 Bxf3 22. Bxf3 Qd7 23. f6 Qf5 24. Qxf5 Nxf5 25. Re1 c6 26. fxg7 Bd4 27. Bxd4
Nxd4 28. Re7 a4 29. Kg1 axb3 30. axb3 Ra1+ 31. Kf2 Ra2+ 32. Kg1 Nxf3+ 33. gxf3
b5 34. cxb5 cxb5 35. Rb7 Kxg7 36. Rxb5 Kf6 37. Rh5 Rb2 38. Rxh7 d5 39. Kf1 d4
40. Rh5 Ke6 41. Rb5 Rxh2 42. Ke1 f5 43. b4 Rb2 44. f4 d3 45. Re5+ Kf6 46. b5
Kg6 1/2-1/2

[Event "Schachbundesliga 2013/2014"]
[Site "?"]
[Date "2014.04.05"]
[Round "14.5"]
[White "Shirov, Alexei"]
[Black "Acs, Peter"]
[Result "1/2-1/2"]
[WhiteElo "2685"]
[BlackElo "2570"]
[PlyCount "147"]
[EventDate "2014.??.??"]
[WhiteClock "0:09:57"]
[BlackClock "0:36:40"]

1. e4 e5 2. Nf3 Nc6 3. Bb5 a6 4. Ba4 Nf6 5. O-O Be7 6. Re1 b5 7. Bb3 d6 8. c3
O-O 9. h3 Bb7 10. d4 Re8 11. Nbd2 Bf8 12. a3 h6 13. Ba2 Nb8 14. d5 c6 15. dxc6
Bxc6 16. b4 Nbd7 17. Bb2 Nb6 18. Rc1 Ra7 19. c4 bxc4 20. Nxc4 Nxc4 21. Rxc4 Bb5
22. Rc1 a5 23. a4 axb4 24. Bxf7+ Rxf7 25. axb5 Rb7 26. Qb3+ Kh7 27. Qxb4 Qb8
28. Qd2 Rxb5 29. Ba3 Rb3 30. Qa2 Qb7 31. Rb1 Rxb1 32. Rxb1 Qxe4 33. Rd1 Qa4 34.
Qb1+ Kg8 35. Qc1 e4 36. Nh2 Rb8 37. Nf1 d5 38. Bxf8 Rxf8 39. Qd2 Rd8 40. Ne3 d4
41. Nf5 d3 42. Rc1 Kh7 43. g4 Rd7 44. Ng3 Qb5 45. Qf4 Qd5 46. Nf1 Qe6 47. Nd2
Nd5 48. Qxe4+ Qxe4 49. Nxe4 Re7 50. Nd2 Re2 51. Nf3 Nf4 52. Kh2 Rxf2+ 53. Kg3
Rc2 54. Ra1 g5 55. Nd4 Rc3 56. Nf3 Rc2 57. Nd4 Rc7 58. h4 Rd7 59. Nf3 Ne2+ 60.
Kf2 gxh4 61. Ne5 Re7 62. Nxd3 Nd4 63. Rh1 Re2+ 64. Kf1 Re3 65. Nf2 Nf3 66. Kg2
Kg6 67. Rh3 Ne1+ 68. Kf1 Rxh3 69. Nxh3 Nd3 70. Kg2 Ne5 71. Nf2 Kg5 72. Kh3 Ng6
73. Ne4+ Kf4 74. Nd6 1/2-1/2

[Event "Schachbundesliga 2013/2014"]
[Site "?"]
[Date "2014.04.05"]
[Round "14.6"]
[White "Braun, Arik"]
[Black "Nisipeanu, Liviu-Dieter"]
[Result "0-1"]
[WhiteElo "2564"]
[BlackElo "2674"]
[PlyCount "80"]
[EventDate "2014.??.??"]
[WhiteClock "0:03:40"]
[BlackClock "0:03:59"]

1. d4 d5 2. c4 e6 3. Nc3 c5 4. cxd5 cxd4 5. Qa4+ Bd7 6. Qxd4 exd5 7. Qxd5 Nc6
8. Nf3 Nf6 9. Qd1 Bc5 10. e3 Qe7 11. a3 O-O-O 12. Qc2 g5 13. Be2 g4 14. Nd2 Kb8
15. b4 Bb6 16. Nc4 Bc7 17. Bb2 Ne5 18. Nxe5 Bxe5 19. O-O Rc8 20. Rac1 h5 21.
Rfd1 g3 22. f3 h4 23. h3 Bxc3 24. Bxc3 Ba4 25. Qxa4 Qxe3+ 26. Kh1 Rxc3 27. Rxc3
Qxc3 28. b5 Nd5 29. Qe4 Ne3 30. Rg1 f5 31. Qe7 f4 32. Bd3 Qc7 33. Qf6 Rd8 34.
Be2 Nd5 35. Qxh4 Nc3 36. Bc4 Nd1 37. Re1 Qd6 38. Bf7 Rc8 39. Bd5 Nf2+ 40. Kg1
Nd3 0-1

[Event "Schachbundesliga 2013/2014"]
[Site "?"]
[Date "2014.04.05"]
[Round "14.7"]
[White "Gustafsson, Jan"]
[Black "Medvegy, Zoltan"]
[Result "1/2-1/2"]
[WhiteElo "2628"]
[BlackElo "2536"]
[PlyCount "63"]
[EventDate "2014.??.??"]
[WhiteClock "0:03:20"]
[BlackClock "0:11:27"]

1. Nf3 Nf6 2. c4 b6 3. g3 Bb7 4. Bg2 c5 5. O-O e6 6. Nc3 Be7 7. d4 cxd4 8. Qxd4
O-O 9. Rd1 Qc8 10. Bf4 Rd8 11. b3 d6 12. Qd2 Na6 13. Rac1 Nc5 14. Qb2 Nce4 15.
b4 Nxc3 16. Qxc3 a5 17. a3 axb4 18. axb4 Ra4 19. Be3 Qc7 20. Qe1 Be4 21. Bh3
Bxf3 22. exf3 Qb7 23. b5 d5 24. cxd5 Nxd5 25. Rc6 Nxe3 26. Rxd8+ Bxd8 27. Qxe3
Ra1+ 28. Kg2 Rd1 29. Qe4 Qe7 30. Rc8 Qd6 31. Qc6 g6 32. f4 1/2-1/2

[Event "Schachbundesliga 2013/2014"]
[Site "?"]
[Date "2014.04.05"]
[Round "14.8"]
[White "Guliyev, Namig"]
[Black "Schlosser, Philipp"]
[Result "1-0"]
[WhiteElo "2559"]
[BlackElo "2602"]
[PlyCount "71"]
[EventDate "2014.??.??"]
[WhiteClock "0:10:35"]
[BlackClock "0:06:03"]

1. e4 c5 2. Nf3 Nc6 3. d4 cxd4 4. Nxd4 Qc7 5. Nc3 e6 6. Be2 a6 7. O-O Nf6 8.
Be3 d6 9. f4 Be7 10. Kh1 O-O 11. Qe1 Nxd4 12. Bxd4 b5 13. a3 Bb7 14. Qg3 Bc6
15. Rae1 Qb7 16. Bd3 b4 17. Nd1 g6 18. Nf2 Nh5 19. Qe3 a5 20. Ng4 f6 21. Bc4
Ng7 22. f5 gxf5 23. Rxf5 Kh8 24. Rf3 e5 25. Qh6 exd4 26. Rh3 Bxe4 27. Bd3 Bxd3
28. cxd3 Nh5 29. Qxh5 Bd8 30. Re8 Rxe8 31. Qxe8+ Kg7 32. Rg3 f5 33. Ne5+ Bg5
34. Rxg5+ Kf6 35. Qh5 dxe5 36. Qh6+ 1-0

[Event "Schachbundesliga 2013/2014"]
[Site "?"]
[Date "2014.04.05"]
[Round "14.1"]
[White "Karpov, Anatoly"]
[Black "Graf, Felix"]
[Result "1/2-1/2"]
[WhiteElo "2619"]
[BlackElo "2493"]
[PlyCount "114"]
[EventDate "2014.??.??"]
[WhiteClock "0:02:43"]
[BlackClock "0:01:42"]

1. Nf3 Nf6 2. c4 b6 3. g3 Bb7 4. Bg2 e6 5. d4 Bb4+ 6. Bd2 Be7 7. Nc3 d5 8. Qa4+
c6 9. cxd5 exd5 10. Ne5 O-O 11. O-O b5 12. Qc2 Qb6 13. Be3 a5 14. Rfd1 Re8 15.
Bf4 Na6 16. Bg5 Rad8 17. e3 h6 18. Bxf6 Bxf6 19. Nd3 Bc8 20. Nf4 Bg4 21. Rd2 g5
22. Nfe2 Bh5 23. Bh3 Bg7 24. Rc1 Re7 25. Bf5 Bf3 26. Bh3 Bh5 27. Kf1 Rd6 28.
Bf5 Bf3 29. Ng1 Bh1 30. Qd1 Nc7 31. h4 gxh4 32. gxh4 Rf6 33. Qg4 Ne8 34. Nce2
Nd6 35. Ng3 Be4 36. Bxe4 Nxe4 37. Rdc2 Nxg3+ 38. Qxg3 b4 39. Ne2 Rg6 40. Qh3
Qa6 41. h5 Rf6 42. Rd2 Re8 43. Kg2 Kh7 44. Ng3 Bf8 45. Qg4 Bd6 46. Qd7 Rg8 47.
f4 Rg7 48. Kf3 b3 49. Qd8 Re6 50. Nf5 Bb4 51. Rdd1 Rg2 52. Kxg2 Be7 53. Nxe7
Qe2+ 54. Kh1 Qf3+ 55. Kh2 Qf2+ 56. Kh1 Qf3+ 57. Kh2 Qf2+ 1/2-1/2

[Event "Schachbundesliga 2013/2014"]
[Site "?"]
[Date "2014.04.05"]
[Round "14.2"]
[White "Schenk, Andreas"]
[Black "Rapport, Richard"]
[Result "0-1"]
[WhiteElo "2489"]
[BlackElo "2676"]
[PlyCount "106"]
[EventDate "2014.??.??"]
[WhiteClock "0:51:05"]
[BlackClock "0:19:31"]

1. d4 d6 2. Nf3 g6 3. c4 Bg7 4. e4 Nf6 5. Nc3 O-O 6. Be2 Nbd7 7. Be3 e5 8. d5
Ng4 9. Bg5 f6 10. Bh4 a5 11. Nd2 Nh6 12. O-O Nf7 13. Rb1 h5 14. f3 Bh6 15. Qc2
Qe7 16. b3 c5 17. a3 Bg5 18. Be1 Nh6 19. Nb5 Nb8 20. Bd3 Na6 21. Bg3 h4 22. Bf2
f5 23. Rfe1 Bd7 24. Nc3 Rae8 25. Ne2 Qg7 26. h3 b6 27. Qc3 Bf6 28. Qc2 Bg5 29.
Qc3 Kh8 30. Kh1 Re7 31. Bg1 Ref7 32. Bc2 Ng8 33. Bh2 Bf6 34. Qd3 Re7 35. Nc3
Bg5 36. Rbd1 Nc7 37. Rf1 Nf6 38. Rb1 Nh5 39. Ne2 Qh6 40. Rfd1 Rh7 41. Qc3 Ng3+
42. Nxg3 hxg3 43. Bxg3 Be3 44. Nf1 f4 45. Bh2 Bxh3 46. gxh3 Qxh3 47. Rd2 Bxd2
48. Qxd2 Qxf3+ 49. Qg2 Qh5 50. Bd1 f3 51. Qg1 Rf4 52. Rb2 Rg4 53. Qe3 Rg2 0-1

[Event "Schachbundesliga 2013/2014"]
[Site "?"]
[Date "2014.04.05"]
[Round "14.3"]
[White "Buhmann, Rainer"]
[Black "Belezky, Alexander"]
[Result "1/2-1/2"]
[WhiteElo "2582"]
[BlackElo "2455"]
[PlyCount "157"]
[EventDate "2014.??.??"]
[WhiteClock "0:11:53"]
[BlackClock "0:19:35"]

1. d4 Nf6 2. c4 e6 3. Nf3 Bb4+ 4. Bd2 Qe7 5. g3 Nc6 6. Nc3 Bxc3 7. Bxc3 Ne4 8.
Rc1 d6 9. d5 Nxc3 10. Rxc3 Nb8 11. dxe6 fxe6 12. Nd4 O-O 13. Bg2 c6 14. O-O Nd7
15. Qd2 e5 16. Nc2 Nf6 17. Ne3 Be6 18. Rd3 Ne8 19. b4 a6 20. a4 Rc8 21. Qb2 Qc7
22. b5 axb5 23. axb5 Qb6 24. Rb3 Qc5 25. bxc6 bxc6 26. Qa3 Qxa3 27. Rxa3 Rf7
28. Rb1 Rfc7 29. Ra6 Kf7 30. f4 exf4 31. gxf4 Nf6 32. Bf3 Ke7 33. Kf2 Nd7 34.
h4 Nc5 35. Raa1 Rf8 36. Kg3 Bd7 37. Rd1 Rb7 38. Rdb1 Rfb8 39. Rxb7 Rxb7 40. Nc2
Rb3 41. Kf2 Rb2 42. Ne3 Rb4 43. h5 h6 44. Rg1 Ne6 45. Bg4 Nxf4 46. Bxd7 Kxd7
47. Rxg7+ Kd8 48. Rh7 Nh3+ 49. Kg2 Rb3 50. Nf5 Nf4+ 51. Kf2 Rh3 52. Nxh6 Nxh5
53. Nf7+ Kc8 54. Nxd6+ Kd8 55. e3 Nf4 56. Nf7+ Ke8 57. Nd6+ Kd8 58. Nf7+ Ke8
59. Rxh3 Nxh3+ 60. Kg2 Kxf7 61. Kxh3 Ke6 62. Kg3 Ke5 63. Kf2 Ke4 64. Ke2 c5 65.
Kd2 Ke5 66. Ke1 Ke4 67. Ke2 Kf5 68. Kf3 Ke5 69. e4 Kd4 70. Kf4 Kxc4 71. e5 Kb3
72. e6 c4 73. e7 c3 74. e8=Q c2 75. Qe1 Kb2 76. Qb4+ Ka1 77. Qc3+ Kb1 78. Qb3+
Ka1 79. Qxc2 1/2-1/2

[Event "Schachbundesliga 2013/2014"]
[Site "?"]
[Date "2014.04.05"]
[Round "14.4"]
[White "Jorczik, Julian"]
[Black "Baramidze, David"]
[Result "0-1"]
[WhiteElo "2405"]
[BlackElo "2613"]
[PlyCount "136"]
[EventDate "2014.??.??"]
[WhiteClock "0:13:22"]
[BlackClock "0:02:53"]

1. d4 d5 2. c4 e6 3. Nc3 Nf6 4. Nf3 Be7 5. Bf4 O-O 6. e3 b6 7. cxd5 Nxd5 8.
Nxd5 Qxd5 9. Bxc7 Bb4+ 10. Nd2 Ba6 11. f3 Bxf1 12. Rxf1 Nc6 13. a3 Rac8 14. Bg3
Bxd2+ 15. Qxd2 Na5 16. Rd1 Nc4 17. Qe2 Qb5 18. Rf2 Rfd8 19. Qd3 Qg5 20. Re2 b5
21. Kf1 a5 22. Be1 a4 23. b3 axb3 24. Qxb3 Qd5 25. Rb1 Qd6 26. Kg1 Qxa3 27.
Qxa3 Nxa3 28. Rb3 Ra8 29. Kf2 f6 30. Bb4 Nc4 31. Bc5 Rdb8 32. Rc2 Kf7 33. e4
Ra4 34. Kg3 Rb7 35. d5 exd5 36. exd5 Na5 37. Rb4 Rxb4 38. Bxb4 Nc4 39. Kf4 Rd7
40. Ke4 f5+ 41. Kf4 Rxd5 42. Re2 h6 43. Re7+ Kf6 44. Rb7 g5+ 45. Kg3 f4+ 46.
Kf2 h5 47. Bc3+ Ke6 48. Ke2 h4 49. Rg7 Ne3 50. Rg6+ Kf7 51. Rg7+ Kf8 52. Bf6
Rf5 53. Bd4 Rd5 54. Bf6 Rd6 55. Bb2 Nc4 56. Bc3 b4 57. Rc7 bxc3 58. Rxc4 Rd2+
59. Ke1 Rxg2 60. Rxc3 Rxh2 61. Kf1 h3 62. Rc7 Rh1+ 63. Kf2 Ra1 64. Rh7 h2 65.
Rxh2 Ra2+ 66. Kg1 Rxh2 67. Kxh2 Ke7 68. Kg2 Ke6 0-1

[Event "Schachbundesliga 2013/2014"]
[Site "?"]
[Date "2014.04.05"]
[Round "14.5"]
[White "Saric, Ivan"]
[Black "Zajogin, Alexander"]
[Result "1-0"]
[WhiteElo "2628"]
[BlackElo "2392"]
[PlyCount "103"]
[EventDate "2014.??.??"]
[WhiteClock "0:07:00"]
[BlackClock "0:42:10"]

1. e4 e5 2. Nf3 Nc6 3. Bc4 Bc5 4. O-O Nf6 5. d3 d6 6. c3 O-O 7. h3 a6 8. Re1
Ba7 9. Bb3 Ne7 10. Nbd2 Ng6 11. Nf1 Nh5 12. Bg5 Qe8 13. d4 Nhf4 14. Ne3 Be6 15.
Nf5 f6 16. Bxf4 Nxf4 17. h4 g6 18. Ne3 Qf7 19. g3 Bxb3 20. Qxb3 Qxb3 21. axb3
Ne6 22. Rad1 Rae8 23. Nc4 Re7 24. Kg2 Rfe8 25. d5 Nc5 26. b4 Nd7 27. Ra1 f5 28.
Nfd2 Nf6 29. b5 axb5 30. Nxd6 cxd6 31. Rxa7 fxe4 32. Nxe4 Nxe4 33. Rxe4 Rc8 34.
Re2 Kf7 35. Rd2 e4 36. Ra5 Rc5 37. Ra8 Re5 38. Rh8 h5 39. Rh7+ Kf6 40. Rd7
Rexd5 41. Rxd6+ Rxd6 42. Rxd6+ Kf5 43. Rb6 g5 44. hxg5 Kxg5 45. Rxb7 Rd5 46.
Kf1 e3 47. fxe3 Rd2 48. Rxb5+ Kg4 49. e4 Kxg3 50. Ke1 Rh2 51. e5 Rh4 52. Rb4
1-0

[Event "Schachbundesliga 2013/2014"]
[Site "?"]
[Date "2014.04.05"]
[Round "14.6"]
[White "Fedorovsky, Michael"]
[Black "Wagner, Dennis"]
[Result "1/2-1/2"]
[WhiteElo "2385"]
[BlackElo "2481"]
[PlyCount "170"]
[EventDate "2014.??.??"]
[WhiteClock "0:24:37"]
[BlackClock "0:06:54"]

1. d4 Nf6 2. c4 g6 3. Nc3 d5 4. cxd5 Nxd5 5. e4 Nxc3 6. bxc3 Bg7 7. Nf3 c5 8.
Be2 Nc6 9. d5 Bxc3+ 10. Bd2 Bxa1 11. Qxa1 Nd4 12. Nxd4 cxd4 13. Qxd4 O-O 14.
O-O Qb6 15. Qc3 f6 16. Be3 Qd8 17. Rd1 Bd7 18. e5 Rc8 19. Qb3 fxe5 20. d6+ e6
21. Qxb7 Ba4 22. Re1 Qxd6 23. Bh6 Qd7 24. Qxd7 Bxd7 25. Bxf8 Kxf8 26. Bd3 Rc3
27. Be4 Bb5 28. h4 Ke7 29. Rb1 a6 30. a4 Bd7 31. a5 Bb5 32. f3 Ra3 33. Rc1 Kd6
34. Rc8 Rxa5 35. Rh8 Ra1+ 36. Kh2 a5 37. Rxh7 Be8 38. Rg7 Rc1 39. Bxg6 Bxg6 40.
Rxg6 Rc8 41. Rg4 Ra8 42. Ra4 Ke7 43. Kg3 Kf6 44. Kf2 Ra7 45. Ke3 Rg7 46. Kf2
Ra7 47. g3 Ra8 48. Ke3 Rg8 49. g4 Rh8 50. h5 Ra8 51. Ke4 Ra7 52. h6 Rh7 53.
Rxa5 Rxh6 54. Rxe5 Rh1 55. Kf4 Rg1 56. Ra5 Re1 57. Ra6 Re2 58. Kg3 Re3 59. Kf2
Rb3 60. f4 Kf7 61. Ra2 Kf6 62. Re2 Ra3 63. Re3 Ra1 64. Kg3 Rg1+ 65. Kf3 Ra1 66.
Rd3 Rb1 67. Ke4 Re1+ 68. Re3 Rh1 69. g5+ Kf7 70. Ke5 Ra1 71. Rc3 Re1+ 72. Kd4
Re2 73. Rc7+ Kg6 74. Re7 Re1 75. Re8 Kg7 76. Kd3 Rf1 77. Ke3 Re1+ 78. Kf2 Re4
79. Kg3 Re1 80. Ra8 e5 81. Ra7+ Kg6 82. Ra6+ Kg7 83. f5 Rg1+ 84. Kf3 Rxg5 85.
Ke4 Rg1 1/2-1/2

[Event "Schachbundesliga 2013/2014"]
[Site "?"]
[Date "2014.04.05"]
[Round "14.7"]
[White "Banusz, Tamas"]
[Black "Reich, Thomas"]
[Result "1-0"]
[WhiteElo "2596"]
[BlackElo "2386"]
[PlyCount "67"]
[EventDate "2014.??.??"]
[WhiteClock "0:21:52"]
[BlackClock "0:02:05"]

1. Nf3 Nf6 2. g3 g6 3. Bg2 Bg7 4. O-O O-O 5. d4 d6 6. c4 Nc6 7. Nc3 Bf5 8. Ne1
Qc8 9. e4 Bh3 10. Nc2 a6 11. f3 Bxg2 12. Kxg2 Na5 13. Qe2 c5 14. dxc5 Qxc5 15.
b3 Rfc8 16. Bd2 Qc7 17. Rac1 Nc6 18. Rfd1 Ne5 19. Ne3 Ned7 20. Ned5 Qd8 21. Bg5
Qf8 22. a4 a5 23. Bxf6 Bxf6 24. Nxf6+ Nxf6 25. f4 Ra6 26. Qf3 Rc5 27. Rd3 Qc8
28. h3 h5 29. Re1 Rb6 30. Nb5 Kg7 31. Qe3 Qc6 32. Kh2 Ra6 33. e5 dxe5 34. fxe5
1-0

[Event "Schachbundesliga 2013/2014"]
[Site "?"]
[Date "2014.04.05"]
[Round "14.8"]
[White "Unzicker, Ferdinand"]
[Black "Paehtz, Elisabeth"]
[Result "0-1"]
[WhiteElo "2337"]
[BlackElo "2440"]
[PlyCount "83"]
[EventDate "2014.??.??"]
[WhiteClock "0:02:48"]
[BlackClock "0:01:28"]

1. c4 c6 2. Nf3 Nf6 3. g3 d5 4. Bg2 e6 5. O-O dxc4 6. a4 Na6 7. Qc2 Nc5 8. Qxc4
Qd5 9. Na3 Nb3 10. Rb1 Bxa3 11. Qxd5 exd5 12. bxa3 Nxc1 13. Rfxc1 a5 14. d3 O-O
15. Nd4 Re8 16. Rb2 Kf8 17. Nb3 Ra7 18. Rc5 Nd7 19. Rxa5 Rxa5 20. Nxa5 Nc5 21.
d4 Nxa4 22. Rd2 Ke7 23. e4 Kd6 24. f3 b6 25. Nb3 Ba6 26. e5+ Kc7 27. Rc2 Bd3
28. Rc1 Nb2 29. Rc3 Ra8 30. Na1 Bb5 31. f4 Nd1 32. Rb3 Bc4 33. Rf3 Be2 34. Rb3
Ra4 35. Nc2 Rc4 36. Ne3 Rc1 37. Nf1 Bc4 38. Rf3 Nc3 39. g4 Ne2+ 40. Kf2 Nxd4
41. Rh3 Rc2+ 42. Kg1 0-1

[Event "Schachbundesliga 2013/2014"]
[Site "?"]
[Date "2014.04.05"]
[Round "14.1"]
[White "Navara, David"]
[Black "Ragger, Markus"]
[Result "1/2-1/2"]
[WhiteElo "2703"]
[BlackElo "2668"]
[PlyCount "53"]
[EventDate "2014.??.??"]
[WhiteClock "0:24:02"]
[BlackClock "0:37:28"]

1. d4 Nf6 2. c4 g6 3. g3 c6 4. Bg2 d5 5. Nf3 Bg7 6. Qa4 O-O 7. O-O Nfd7 8. Qc2
dxc4 9. Qxc4 e5 10. dxe5 Nxe5 11. Nxe5 Bxe5 12. Qc2 Na6 13. Bd2 Qe7 14. Bc3 Re8
15. Bxe5 Qxe5 16. Nc3 Be6 17. e4 Rad8 18. Rfd1 Nb4 19. Qe2 b5 20. Rd2 Qg5 21.
f4 Qc5+ 22. Qf2 Qxf2+ 23. Rxf2 Nd3 24. Rd2 Nb4 25. Rf2 Nd3 26. Rd2 Nb4 27. Rf2
1/2-1/2

[Event "Schachbundesliga 2013/2014"]
[Site "?"]
[Date "2014.04.05"]
[Round "14.4"]
[White "Naumann, Alexander"]
[Black "Fridman, Daniel"]
[Result "1/2-1/2"]
[WhiteElo "2540"]
[BlackElo "2602"]
[PlyCount "42"]
[EventDate "2014.??.??"]
[WhiteClock "1:02:07"]
[BlackClock "0:57:45"]

1. d4 d5 2. Nf3 e6 3. c4 Nf6 4. Nc3 c6 5. Bg5 dxc4 6. e4 b5 7. e5 h6 8. Bh4 g5
9. Nxg5 hxg5 10. Bxg5 Be7 11. exf6 Bxf6 12. Bxf6 Qxf6 13. g3 Bb7 14. Bg2 Na6
15. a4 O-O-O 16. axb5 cxb5 17. Bxb7+ Kxb7 18. Nxb5 Nb4 19. O-O Nc6 20. f4 a6
21. Nc3 Qxd4+ 1/2-1/2

[Event "Schachbundesliga 2013/2014"]
[Site "?"]
[Date "2014.04.05"]
[Round "14.5"]
[White "Berelowitsch, Alexander"]
[Black "Andersen, Mads"]
[Result "1-0"]
[WhiteElo "2540"]
[BlackElo "2476"]
[PlyCount "97"]
[EventDate "2014.??.??"]
[WhiteClock "0:49:23"]
[BlackClock "0:30:29"]

1. e4 e5 2. Nf3 Nc6 3. Bc4 Bc5 4. b4 Bxb4 5. c3 Bd6 6. d4 Nf6 7. O-O O-O 8. Re1
Qe7 9. Nbd2 Re8 10. Nf1 Qf8 11. Ng5 Nd8 12. f4 h6 13. Nf3 Nh7 14. fxe5 Be7 15.
Ng3 d6 16. Rf1 Be6 17. Bd3 c6 18. exd6 Bxd6 19. e5 Be7 20. Qc2 g6 21. Be3 Qg7
22. Qd2 Bf8 23. Nh4 Rc8 24. Ne4 Rc7 25. Nf6+ Nxf6 26. Rxf6 Qh8 27. Nxg6 fxg6
28. Rxg6+ Kf7 29. Bxh6 Ke7 30. Bg5+ Kd7 31. Bf6 Qh5 32. Qf2 Kc8 33. Bxd8 Kxd8
34. Rxe6 Rxe6 35. Qxf8+ Qe8 36. Qxe8+ Rxe8 37. Bf5 b5 38. g4 c5 39. Rd1 cxd4
40. cxd4 b4 41. h4 Rc3 42. h5 a5 43. Kg2 a4 44. h6 b3 45. axb3 Rxb3 46. h7 a3
47. g5 a2 48. g6 Rb2+ 49. Kg3 1-0

[Event "Schachbundesliga 2013/2014"]
[Site "?"]
[Date "2014.04.05"]
[Round "14.6"]
[White "Wegerle, Joerg"]
[Black "Hausrath, Daniel"]
[Result "1-0"]
[WhiteElo "2438"]
[BlackElo "2532"]
[PlyCount "67"]
[EventDate "2014.??.??"]
[WhiteClock "0:01:48"]
[BlackClock "0:19:01"]

1. d4 Nf6 2. Nf3 g6 3. Nc3 d5 4. Bf4 Bg7 5. e3 c6 6. Be2 Bg4 7. Ne5 Bxe2 8.
Qxe2 Nh5 9. O-O-O Nd7 10. g4 Nxf4 11. exf4 e6 12. Kb1 Bxe5 13. fxe5 h5 14. h4
Qa5 15. f4 b5 16. Qg2 hxg4 17. Qxg4 O-O-O 18. h5 Rh6 19. Qf3 Rg8 20. Ne2 gxh5
21. Rxh5 Rxh5 22. Qxh5 Rg2 23. Nc1 Qa4 24. Nb3 c5 25. Qxf7 c4 26. Qxe6 cxb3 27.
cxb3 Qb4 28. Qxd5 Rd2 29. Qa8+ Nb8 30. Rc1+ Kd7 31. Qxb8 Rxb2+ 32. Kxb2 Qd2+
33. Rc2 Qxd4+ 34. Ka3 1-0

[Event "Schachbundesliga 2013/2014"]
[Site "?"]
[Date "2014.04.05"]
[Round "14.7"]
[White "Feygin, Michael"]
[Black "Schaefer, Markus"]
[Result "1/2-1/2"]
[WhiteElo "2512"]
[BlackElo "2404"]
[PlyCount "42"]
[EventDate "2014.??.??"]
[WhiteClock "0:27:02"]
[BlackClock "0:15:03"]

1. e4 e6 2. Nc3 d5 3. Nf3 Nf6 4. e5 Nfd7 5. d4 c5 6. dxc5 Nc6 7. Bf4 Nxc5 8. a3
Be7 9. h4 a6 10. h5 f5 11. Nd4 Nxd4 12. Qxd4 O-O 13. Be2 Ne4 14. Nxe4 fxe4 15.
Be3 b5 16. Rd1 Bd7 17. c3 Qc7 18. Bg4 Rac8 19. O-O Bc5 20. Qxc5 Qxc5 21. Bxc5
Rxc5 1/2-1/2

[Event "Schachbundesliga 2013/2014"]
[Site "?"]
[Date "2014.04.05"]
[Round "14.8"]
[White "Hobusch, Jan"]
[Black "Levin, Felix"]
[Result "0-1"]
[WhiteElo "2117"]
[BlackElo "2480"]
[PlyCount "47"]
[EventDate "2014.??.??"]
[WhiteClock "0:45:54"]
[BlackClock "0:22:45"]

1. d4 Nf6 2. Bf4 g6 3. e3 Bg7 4. Nf3 d6 5. h3 O-O 6. Be2 Nfd7 7. O-O e5 8. Bh2
e4 9. Nfd2 f5 10. c4 Nf6 11. Nc3 Nc6 12. Rb1 Ne7 13. b4 g5 14. Qc2 Ng6 15. a4
h5 16. d5 g4 17. hxg4 Nxg4 18. Bxg4 hxg4 19. Ne2 Qh4 20. Rfd1 Be5 21. Bf4 Rf7
22. Nf1 Rh7 23. Nfg3 Qh2+ 24. Kf1 0-1

[Event "Schachbundesliga 2013/2014"]
[Site "?"]
[Date "2014.04.05"]
[Round "14.1"]
[White "Rustemov, Alexander"]
[Black "Erdos, Viktor"]
[Result "0-1"]
[WhiteElo "2538"]
[BlackElo "2661"]
[PlyCount "134"]
[EventDate "2014.??.??"]
[WhiteClock "0:10:07"]
[BlackClock "0:16:12"]

1. Nf3 c5 2. c4 Nc6 3. d4 cxd4 4. Nxd4 Nf6 5. Nc3 e6 6. e3 b6 7. Nxc6 dxc6 8.
Qc2 Bb7 9. b3 c5 10. Bb2 a6 11. Bd3 Qc7 12. Ne4 Be7 13. O-O-O O-O-O 14. Ng5
Rhf8 15. f4 h6 16. Nf3 Ng4 17. Rhe1 Bf6 18. h3 Bxb2+ 19. Kxb2 Nf6 20. Qc3 Rd6
21. e4 Nh5 22. g3 Rfd8 23. Bc2 Rxd1 24. Rxd1 Rxd1 25. Bxd1 Nxg3 26. Qxg7 Qxf4
27. Ne5 Nxe4 28. Nxf7 Kb8 29. Bc2 Ng5 30. Ne5 Qd4+ 31. Kb1 Qg1+ 32. Kb2 Qd4+
33. Kb1 Ne4 34. a3 Nc3+ 35. Kc1 Ne2+ 36. Kb1 Qg1+ 37. Qxg1 Nxg1 38. h4 Nf3 39.
Ng4 h5 40. Nf6 Nxh4 41. Nxh5 Nf3 42. Kb2 Kc7 43. Kc3 Kd6 44. Nf6 Ng5 45. Ng4
Nh3 46. Kd2 Bf3 47. Nh2 Bh5 48. Ke3 Ke5 49. Nf1 Nf4 50. Be4 Ne2 51. Nd2 Nd4 52.
b4 Bg4 53. bxc5 bxc5 54. Bb7 a5 55. Be4 Bd1 56. Bg6 Nf5+ 57. Kd3 Kf4 58. Nb1
Nd6 59. Bh7 Bb3 60. Nd2 Ba4 61. Bg8 e5 62. Bd5 e4+ 63. Kc3 Bd1 64. Nf1 e3 65.
Kd3 e2 66. Ne3 e1=N+ 67. Kd2 Nf3+ 0-1

[Event "Schachbundesliga 2013/2014"]
[Site "?"]
[Date "2014.04.05"]
[Round "14.2"]
[White "Haslinger, Stewart G"]
[Black "Appel, Ralf"]
[Result "0-1"]
[WhiteElo "2543"]
[BlackElo "2535"]
[PlyCount "164"]
[EventDate "2014.??.??"]
[WhiteClock "0:05:50"]
[BlackClock "0:16:33"]

1. e4 Nf6 2. e5 Nd5 3. d4 d6 4. Nf3 dxe5 5. Nxe5 c6 6. Be2 Nd7 7. Nf3 g6 8. c4
N5f6 9. O-O Bg7 10. Nc3 O-O 11. Re1 Nb6 12. h3 Be6 13. b3 Qc7 14. Be3 Rad8 15.
Qc1 Rfe8 16. Bf4 Qc8 17. Qa3 a6 18. Rac1 Bf8 19. Bf1 Nh5 20. Bh2 Bh6 21. Rcd1
Nf6 22. Qa5 Na8 23. g4 Bg7 24. Ne5 h5 25. f3 hxg4 26. hxg4 Nh7 27. Kg2 Nf8 28.
c5 f6 29. Nc4 f5 30. gxf5 Bxf5 31. Ne5 Bh3+ 32. Kf2 Bxf1 33. Rxf1 Nc7 34. Ne4
Nd5 35. Qd2 Qh3 36. Bg3 Bh6 37. Ng5 Qf5 38. Bh4 Nf4 39. Nef7 Bxg5 40. Nxg5 Rd5
41. Qe3 N8e6 42. Nxe6 Nxe6 43. Rg1 Kf7 44. Rg4 g5 45. Bg3 Nxc5 46. Be5 Rg8 47.
Kg3 Nd7 48. Re1 Rg6 49. b4 Nxe5 50. dxe5 Rd3 51. Qe2 Rh6 52. Qe4 Kg6 53. a4
Qxe4 54. Rgxe4 Kf5 55. b5 axb5 56. axb5 c5 57. e6 b6 58. Re5+ Kf6 59. R5e4 Rh4
60. Rxh4 gxh4+ 61. Kg4 Rb3 62. f4 h3 63. Re5 h2 64. Rh5 Kxe6 65. Rxh2 Rxb5 66.
f5+ Kd5 67. Rd2+ Kc6 68. Re2 Rb4+ 69. Kg5 Kd7 70. Kg6 Rf4 71. Rb2 Rd4 72. Ra2
Rd6+ 73. Kg5 Kc6 74. Re2 Rd7 75. Kg6 c4 76. Kf7 b5 77. Re6+ Kd5 78. Rxe7 Rxe7+
79. Kxe7 c3 80. f6 c2 81. f7 c1=Q 82. f8=Q Qa3+ 0-1

[Event "Schachbundesliga 2013/2014"]
[Site "?"]
[Date "2014.04.05"]
[Round "14.3"]
[White "Handke, Florian"]
[Black "Cioara, Andrei-Nestor"]
[Result "1-0"]
[WhiteElo "2541"]
[BlackElo "2455"]
[PlyCount "63"]
[EventDate "2014.??.??"]
[WhiteClock "0:08:18"]
[BlackClock "0:08:59"]

1. Nf3 Nf6 2. c4 e6 3. g3 b6 4. Bg2 Bb7 5. d4 Bb4+ 6. Bd2 a5 7. O-O O-O 8. Bf4
Be7 9. Nc3 d5 10. Ne5 Na6 11. cxd5 exd5 12. Qa4 c5 13. e3 Ne4 14. Nc6 Nxc3 15.
bxc3 Qd7 16. Nxe7+ Qxe7 17. Rab1 g5 18. Be5 f6 19. Rxb6 fxe5 20. Qb3 Ra7 21.
Rb1 Ba8 22. Bxd5+ Kh8 23. Bxa8 Raxa8 24. Rb7 Qf6 25. Qc2 e4 26. R1b6 Qf5 27.
Rh6 Rfe8 28. Qe2 Re6 29. g4 Qd5 30. Rhxh7+ Kg8 31. Rbg7+ Kf8 32. Rd7 1-0

[Event "Schachbundesliga 2013/2014"]
[Site "?"]
[Date "2014.04.05"]
[Round "14.4"]
[White "Galyas, Miklos"]
[Black "Hirneise, Tobias"]
[Result "1/2-1/2"]
[WhiteElo "2435"]
[BlackElo "2440"]
[PlyCount "86"]
[EventDate "2014.??.??"]
[WhiteClock "0:48:45"]
[BlackClock "0:50:17"]

1. d4 Nf6 2. c4 e6 3. Nc3 Bb4 4. e3 O-O 5. Nge2 d5 6. a3 Bd6 7. Ng3 c5 8. dxc5
Bxc5 9. cxd5 exd5 10. Be2 Nc6 11. b4 Be7 12. O-O Be6 13. Bb2 d4 14. exd4 Nxd4
15. Nce4 Nxe2+ 16. Qxe2 Nxe4 17. Nxe4 Qb6 18. Rac1 Rac8 19. Nc5 Bxc5 20. bxc5
Qc6 21. Rfd1 Rfd8 22. Qe3 f6 23. h3 Bd5 24. Qg3 Kf7 25. Rd4 Be6 26. Rf4 Rd5 27.
Qf3 Kg8 28. Rxf6 Rg5 29. Qxc6 Rxc6 30. Rf3 Rgxc5 31. Rfc3 Rxc3 32. Bxc3 Kf7 33.
Bb2 Bc4 34. Bd4 a6 35. Rc3 g6 36. Re3 b5 37. Bc3 Re6 38. Rxe6 Kxe6 39. f3 Kd5
40. Kf2 Bd3 41. Ke3 Kc4 42. Bb4 Bb1 43. h4 Kd5 1/2-1/2